00977nam a22002297a 4500999001700000003000900017008004100026040007100067082002300138100002300161245003300184260003600217300006000253440003500313505014800348650002800496650003500524700006100559942001600620945000800636952010300644 c11340d11340AR-CdUCM190403b ||||| |||| 00| 0 spa d aMUNICIPALIDAD PROVINCIAL DEL CUSCOcBIBLIOTECA MUNICIPAL DEL CUSCO a573 /bES79 / 1947 aWeidenreich, Franz aSimios, gigantes y hombres / aBuenos Aires :bPleamar,c1947. a148 páginas ;bIlustraciones, mapas, dibujos,c21 cm. aBiblioteca conocimiento928659 aContenido: El hombre y su antepasado simio -- El desarrollo de la forma específicamente humana -- Los gigantes, los primeros ascendientes ... aGrupos étnicos911662 aAntropología física920783 aEfrón, Teodora y Gomez Paz, Julieta (traductor)928660 2ddccLIBROS acmm 002ddc4070aSCAbSCAcCARTd2019-04-03g20.00o573 / ES79 / 1947pSCA0001135r2019-04-03yLIBROS